000 00366 a2200157 4500
001 75785
020 _a9788532299109
040 _cAnchieta - Colégio São Paulo
100 _aGarcia, Edson Grabriel
240 1 0 _aAs caras da violência
_lpor
245 1 0 _aAs caras da violência
300 _a47
362 0 _a2014
650 4 _aLiteratura juvenil
942 _cBK
999 _c75785
_d75785